000
00295nam a2200121Ia 4500
008
190216s9999||||xx |||||||||||||| ||und||
100
_a
Rajasasekharan.C.V
245
4
_a
The Little Theatre
260
_b
Calicut University Publications
_c
1993
300
_a
141
650
_a
English
942
_c
BK
999
_c
13642
_d
13642